00610nam a22001697a 4500003000200000005001700002008004100019020002200060050002100082100002300103245010400126260005900230300003800289500003500327504004200362650003600404020230818143700.0230818b xxu||||| |||| 00| 0 eng d a978-621-409-198-0 aU 660b.B75 2022 aBriones, Mario R.  aEmpowering the youth for nation building through civic welfare training service 1cMario R. Briones aMandaluyong CitybBooks Atbp. Publishing Corp.cc2022. axii, 252 pages :bill. ;c23 cm.  aCivic Welfare Training Service aIncludes bibliographical references.  aCivic Welfare Training Service.